| 000 | 01037cam a22002651 4500 | ||
|---|---|---|---|
| 001 | l 41000065 | ||
| 003 | DLC | ||
| 005 | 20260227111537.0 | ||
| 008 | 780427s1939 xx 000 0 eng c | ||
| 010 | _al 41000065 | ||
| 035 | _a(OCoLC)3834635 | ||
| 040 |
_aU.S. Dept. of labor. Libr. _cOT _dDLC |
||
| 042 | _apremarc | ||
| 050 | 0 | 0 |
_aTT23 _b.A5 1939 |
| 082 | _a658.2069 | ||
| 110 | 2 | _aUnited States Employment Service | |
| 245 | 1 | 0 |
_aJob descriptions for industrial service and maintenance jobs. _cPrepared by the Job analysis and information section, Division of standards and research. June 1939. United States Department of labor, Frances Perkins, secretary. United States Employment service, William H. Stead, chief executive officer. |
| 260 |
_aWashington, _bU.S. Govt. print. off., _c1939. |
||
| 300 |
_axxi, 265 p. _c23 x 18 cm. |
||
| 500 | _a"Glossary": p. 245-250. | ||
| 504 | _aBibliography: p. xxi. | ||
| 650 | 0 | _aIndustrial arts. | |
| 650 | 0 | _aOccupations. | |
| 740 | 0 | _aIndustrial service and maintenance jobs. | |
| 999 |
_c36368 _d36368 |
||